000 00683nam a22002057a 4500
999 _c167510
_d167510
005 20220217162239.0
010 _aENG-126440
020 _a978-93-87324-81-7
_c1280.00
035 _aEN-109972
037 _bDBAD/PUB
082 _a355.033054
245 _aMilitary strategy for India in the 21st century /
_cEdited by Ak Singh [and] BS Nagal
260 _aNew Delhi
_bKnowledge world
_c2019
270 _bNew Delhi
_a4676/21, First Floor, Ansari Road,Daryaganj
_e110002
_k+911123263498
_k43528107
_mkw@kwpub.com
300 _aXV352p.
_c23cm(hb)
500 _aIncludes Index
700 _aAk Singh
700 _aBS, Nagal
942 _2ddc
_cEN
_h355.033054
_mMIL